Canned heat : (Record no. 91991)

MARC details
000 -LEADER
fixed length control field 00823nam a22002177a 4500
005 - DATE AND TIME OF LATEST TRANSACTION
control field 20150427104945.0
010 ## - LCCN (DPL NO)
LC control number ENG-112312
020 ## - INTERNATIONAL STANDARD BOOK NUMBER
International Standard Book Number 9781138020276
Terms of availability 695.00
035 ## - SYSTEM CONTROL NUMBER
System control number EN-95844
037 ## - SOURCE OF ACQUISITION
Source of stock number/acquisition DBAD/PUB
082 ## - DEWEY DECIMAL CLASSIFICATION NUMBER
Classification number 363.73874
245 ## - TITLE STATEMENT
Title Canned heat :
Statement of responsibility, etc edited by Marcello Di Paola [and] Gianfranco Pellegrino
Remainder of title ethics and politics of global climate change /
260 ## - PUBLICATION, DISTRIBUTION, ETC. (IMPRINT)
Place of publication, distribution, etc New Delhi
Name of publisher, distributor, etc Routledge
Date of publication, distribution, etc 2014
270 ## - ADDRESS
Address 912,Tolstoy House, 15-17 Tolstoy Marg, Connaught Place
City New Delhi
Postal code 110001
300 ## - PHYSICAL DESCRIPTION
Extent vi,248p.
Dimensions 23cm(Hb)
490 ## - SERIES STATEMENT
Series statement Ethics, human rights and global political thought ; edited by Sebastiano Maffettone [and] Aakash Singh Rathore
500 ## - GENERAL NOTE
General note Includes index
700 ## - ADDED ENTRY--PERSONAL NAME
Personal name Di Paola, Marcello
700 ## - ADDED ENTRY--PERSONAL NAME
Personal name Pellegrino, Gianfranco
942 ## - ADDED ENTRY ELEMENTS (KOHA)
Source of classification or shelving scheme Dewey Decimal Classification
Item type English Books
Call number suffix CAN
Classification part 363.73874
Holdings
Withdrawn status Lost status Not for loan Collection code Home library Current library Date acquired Source of acquisition Cost, normal purchase price Full call number Barcode Copy number Cost, replacement price Koha item type
    Not For Loan Non-fiction D.B.Act.Division D.B.Act.Division 27/02/2015 DBAD/PUB 695.00 363.73874 CAN EN-95844 1 695.00 English Books

© Delhi Public Library
Hit Counter
free hit counter